<?xml version="1.0" encoding="UTF-8"?><record xmlns="http://www.loc.gov/MARC21/slim" xmlns:zs="http://docs.oasis-open.org/ns/search-ws/sruResponse">
  <leader>03007cam a22006853a 4500</leader>
  <controlfield tag="001">16361823</controlfield>
  <controlfield tag="005">20250607035855.1</controlfield>
  <controlfield tag="008">900906q18001899enk           000 1 eng d</controlfield>
  <datafield ind1=" " ind2=" " tag="906">
    <subfield code="a">7</subfield>
    <subfield code="b">cbc</subfield>
    <subfield code="c">copycat</subfield>
    <subfield code="d">3</subfield>
    <subfield code="e">ncip</subfield>
    <subfield code="f">20</subfield>
    <subfield code="g">y-genmusic</subfield>
  </datafield>
  <datafield ind1=" " ind2=" " tag="955">
    <subfield code="e">vl42 2011-11-1 microfilm added</subfield>
  </datafield>
  <datafield ind1=" " ind2=" " tag="955">
    <subfield code="a">LCAP batch update 2025-06-01-04:00: LCAPM-644</subfield>
  </datafield>
  <datafield ind1=" " ind2=" " tag="010">
    <subfield code="a">  2010662051</subfield>
  </datafield>
  <datafield ind1=" " ind2=" " tag="035">
    <subfield code="a">16361823</subfield>
  </datafield>
  <datafield ind1=" " ind2=" " tag="035">
    <subfield code="a">(DLC)musschatz.15440</subfield>
  </datafield>
  <datafield ind1=" " ind2=" " tag="035">
    <subfield code="a">(CStRLIN)VAUP90-B2177</subfield>
  </datafield>
  <datafield ind1=" " ind2=" " tag="040">
    <subfield code="a">ViU</subfield>
    <subfield code="c">ViU</subfield>
    <subfield code="d">DLC</subfield>
  </datafield>
  <datafield ind1="1" ind2=" " tag="041">
    <subfield code="a">eng</subfield>
    <subfield code="h">ita</subfield>
  </datafield>
  <datafield ind1="0" ind2="0" tag="050">
    <subfield code="a">ML48</subfield>
    <subfield code="b">[S6325]</subfield>
  </datafield>
  <datafield ind1=" " ind2=" " tag="051">
    <subfield code="a">Microfilm Music 1854, reel 131.</subfield>
    <subfield code="c">Microfilm. Washington, D.C. : Library of Congress, [197-]. 1 microfilm reel ; 35 mm.</subfield>
  </datafield>
  <datafield ind1="1" ind2=" " tag="100">
    <subfield code="a">Mercadante, Saverio,</subfield>
    <subfield code="d">1795-1870.</subfield>
    <subfield code="4">cmp</subfield>
  </datafield>
  <datafield ind1="1" ind2="0" tag="240">
    <subfield code="a">Elena da Feltre.</subfield>
    <subfield code="s">Libretto.</subfield>
    <subfield code="l">English</subfield>
  </datafield>
  <datafield ind1="1" ind2="0" tag="245">
    <subfield code="a">Elena Uberti :</subfield>
    <subfield code="b">a grand tragic opera in three acts ; freely rendered from the Italian /</subfield>
    <subfield code="c">the music (with the exception of an air by Pacini) composed by Mercadante ; conductor, Mr. Benedict ; the chorusses under the direction of Mr. J.H. Tully ; the scenery by Mr. Grieve, Mr. T. Grieve, and Mr. W. Grieve ; the decorations and appointments by Mr. W. Bradwell ; the dresses by Mesdames Glover and Rayner ; as performed at the Theatre Royal, Covent Garden.</subfield>
  </datafield>
  <datafield ind1=" " ind2=" " tag="260">
    <subfield code="a">London :</subfield>
    <subfield code="b">Printed by S.G. Fairbrother, 31, Bow Street, Covent Garden,</subfield>
    <subfield code="c">[18--]</subfield>
  </datafield>
  <datafield ind1=" " ind2=" " tag="300">
    <subfield code="a">31, [1] p. ;</subfield>
    <subfield code="c">22 cm.</subfield>
  </datafield>
  <datafield ind1=" " ind2=" " tag="336">
    <subfield code="a">text</subfield>
    <subfield code="b">txt</subfield>
    <subfield code="2">rdacontent</subfield>
  </datafield>
  <datafield ind1=" " ind2=" " tag="337">
    <subfield code="a">unmediated</subfield>
    <subfield code="b">n</subfield>
    <subfield code="2">rdamedia</subfield>
  </datafield>
  <datafield ind1=" " ind2=" " tag="338">
    <subfield code="a">volume</subfield>
    <subfield code="b">nc</subfield>
    <subfield code="2">rdacarrier</subfield>
  </datafield>
  <datafield ind1=" " ind2=" " tag="500">
    <subfield code="a">U.S. RISM Libretto Project.</subfield>
  </datafield>
  <datafield ind1=" " ind2=" " tag="500">
    <subfield code="a">Price on title page: One Shilling; notes on costume--p. 3; imprint repeated--p. 31.</subfield>
  </datafield>
  <datafield ind1=" " ind2=" " tag="500">
    <subfield code="a">Libretto by Cammerano--New Grove.</subfield>
  </datafield>
  <datafield ind1=" " ind2=" " tag="500">
    <subfield code="a">Dramatis Personae: SIGIFREDO. Mr. Leffler -- GUALTIERO. Mr. Wigan -- ELENA UBERTI. Miss Adelaide Kemble -- BOEMONDO. Mr. Clement White -- COUNT UBALDO DI COLLALTO. Mr. W. Harrison -- COUNT GUIDO SANVITALE. Mr. Stretton -- IMBERGA. Miss Grant--p. 3.</subfield>
  </datafield>
  <datafield ind1=" " ind2=" " tag="518">
    <subfield code="a">Performance: London, Covent Garden.</subfield>
  </datafield>
  <datafield ind1=" " ind2="0" tag="650">
    <subfield code="a">Operas</subfield>
    <subfield code="v">Librettos.</subfield>
  </datafield>
  <datafield ind1=" " ind2=" " tag="653">
    <subfield code="a">Sigifredo</subfield>
  </datafield>
  <datafield ind1=" " ind2=" " tag="653">
    <subfield code="a">Gualtiero</subfield>
  </datafield>
  <datafield ind1=" " ind2=" " tag="653">
    <subfield code="a">Elena Uberti</subfield>
  </datafield>
  <datafield ind1=" " ind2=" " tag="653">
    <subfield code="a">Boemondo</subfield>
  </datafield>
  <datafield ind1=" " ind2=" " tag="653">
    <subfield code="a">Ubaldo di Collalto</subfield>
  </datafield>
  <datafield ind1=" " ind2=" " tag="653">
    <subfield code="a">Guido Sanvitale</subfield>
  </datafield>
  <datafield ind1=" " ind2=" " tag="653">
    <subfield code="a">Imberga</subfield>
  </datafield>
  <datafield ind1="1" ind2=" " tag="720">
    <subfield code="a">Grant, Miss.</subfield>
    <subfield code="4">sng</subfield>
  </datafield>
  <datafield ind1="1" ind2=" " tag="720">
    <subfield code="a">Pacini, Giovanni, 1796-1867.</subfield>
    <subfield code="4">cmp</subfield>
  </datafield>
  <datafield ind1="1" ind2=" " tag="720">
    <subfield code="a">Cammerano, Salvatore, 1801-1852,</subfield>
    <subfield code="e">supposed librettist.</subfield>
    <subfield code="4">lbt</subfield>
  </datafield>
  <datafield ind1="1" ind2=" " tag="720">
    <subfield code="a">Benedict, Mr.</subfield>
    <subfield code="4">cnd</subfield>
  </datafield>
  <datafield ind1="1" ind2=" " tag="720">
    <subfield code="a">Tully, J.H., Mr.</subfield>
    <subfield code="4">cnd</subfield>
  </datafield>
  <datafield ind1="1" ind2=" " tag="720">
    <subfield code="a">Grieve, Mr.</subfield>
    <subfield code="4">art</subfield>
  </datafield>
  <datafield ind1="1" ind2=" " tag="720">
    <subfield code="a">Grieve, T., Mr.</subfield>
    <subfield code="4">art</subfield>
  </datafield>
  <datafield ind1="1" ind2=" " tag="720">
    <subfield code="a">Grieve, W., Mr.</subfield>
    <subfield code="4">art</subfield>
  </datafield>
  <datafield ind1="1" ind2=" " tag="720">
    <subfield code="a">Bradwell, W., Mr.</subfield>
    <subfield code="4">art</subfield>
  </datafield>
  <datafield ind1="1" ind2=" " tag="720">
    <subfield code="a">Glover, Mrs.</subfield>
    <subfield code="4">cst</subfield>
  </datafield>
  <datafield ind1="1" ind2=" " tag="720">
    <subfield code="a">Rayner, Mrs.</subfield>
    <subfield code="4">cst</subfield>
  </datafield>
  <datafield ind1="1" ind2=" " tag="720">
    <subfield code="a">Leffler, Mr.</subfield>
    <subfield code="4">sng</subfield>
  </datafield>
  <datafield ind1="1" ind2=" " tag="720">
    <subfield code="a">Wigan, Mr.</subfield>
    <subfield code="4">sng</subfield>
  </datafield>
  <datafield ind1="1" ind2=" " tag="720">
    <subfield code="a">Kemble, Adelaide.</subfield>
    <subfield code="4">sng</subfield>
  </datafield>
  <datafield ind1="1" ind2=" " tag="720">
    <subfield code="a">White, Clement.</subfield>
    <subfield code="4">sng</subfield>
  </datafield>
  <datafield ind1="1" ind2=" " tag="720">
    <subfield code="a">Harrison, W., Mr.</subfield>
    <subfield code="4">sng</subfield>
  </datafield>
  <datafield ind1="1" ind2=" " tag="720">
    <subfield code="a">Stretton, Mr.</subfield>
    <subfield code="4">sng</subfield>
  </datafield>
  <datafield ind1="4" ind2="1" tag="856">
    <subfield code="u">http://hdl.loc.gov/loc.music/musschatz.15440</subfield>
  </datafield>
  <datafield ind1=" " ind2=" " tag="985">
    <subfield code="e">USRISMlibretto</subfield>
  </datafield>
  <datafield ind1=" " ind2=" " tag="985">
    <subfield code="e">musschatz_scanning_2016</subfield>
  </datafield>
</record>
